000 00616nam a2200193Ii 4500
003 JO-AjNU
008 230605s9999||||xx |||||||||||||| ||und||
040 _aJO-AjNU
_bara
_erda
_cJO-AjNU
041 _aara
050 1 4 _aBD168
100 3 _aتيتس،هارولد هـ ، ذياب،أديب نايف/ترجمة,
_eauthor
_99574
245 0 0 _aمقدمة في نظرية المعرفة
264 3 1 _aد.م:د.ن ،د.ت
300 _a92ص
336 _atext
_btxt
_2rdacontent
337 _aunmediated
_bn
_2rdamedia
338 _avolume
_bnc
_2rdacarrier
650 4 _aالمعرفة-التفكير-فلسفة
_99575
999 _aA1370
_c4938
_d4938